00585 a2200229 4500260001000000630002500010037001300035650002800048100002300076260001100099245003000110300001100140650002900151260000900180300000900189100000700198037001200205250001300217020001800230999001700248952009000265 aParis a657 - Comptabilité b1, Achat a6 - SCIENCES APPLIQUEES aLassègue, Pierre bDalloz aLexique de comptabilité a404 p. aComptabilité : lexique c1993 b18cm lFr aDE 7448 a3e éd. a2-247-01532-8 c42101d42101 00104070aBUACbBUACd2009-02-28l0o657 LASr2009-02-28 00:00:00w2009-02-28yLIVR